000 00777na a2200253 4500
001 17180
003 MIRAKIL
005 20181213154817.0
008 170823b tu 000 0
020 _a9786055373443
040 _aMilas
_btur
_cTR-AnCHP
041 _atur
082 _a343.07869
_bÇ64a 2011
090 _a343.07869 Ç64a 2011
100 _aÇolak, Nusret İlker
245 _aAnayasa Mahkemesi kararlarında imar hukukunun temel ilkeleri
_cNusret İlker Çolak
246 _aimar hukukunun temel ilkeleri
260 _aİstanbul
_bOn İki Levha Yayıncılık
_c2011
300 _avi, 419 s.
_c23 sm.
490 _aOn İki Levha Yayıncılık
_v232
610 _aAnayasa Mahkemesi
_xİmar hukuku
650 _aİmar
_xHukuk ve mevzuat
942 _2ddc
_cBKS
999 _c1289
_d1289